000 00233nam a2200097Ia 4500
001 1169741
005 20251202140101.0
008 250824s9999 xx 000 0 und d
245 0 _aKIYIDAKİ KALE
_cLUCY STRANGE
260 _bHEP KİTAP
999 _c1169741
_d1169741